University Home | Library Home | Institutional Repository

Dan Crawford of Luanza or 37 years missionary work in darkest Africa / (Record no. 124315)

MARC details
000 -LEADER
fixed length control field 00553cam a2200169 4500
005 - DATE AND TIME OF LATEST TRANSACTION
control field 20260415142112.0
008 - FIXED-LENGTH DATA ELEMENTS--GENERAL INFORMATION
fixed length control field 150522n 000 0 eng u
040 ## - CATALOGING SOURCE
Original cataloging agency LC
Transcribing agency UNZA
Modifying agency UNZA
Description conventions RDA
050 ## - LIBRARY OF CONGRESS CALL NUMBER
Classification number ZAMB BV 3625
Item number ELL 1914
100 ## - MAIN ENTRY--PERSONAL NAME
Personal name Ellis, James J.
245 ## - TITLE STATEMENT
Title Dan Crawford of Luanza or 37 years missionary work in darkest Africa /
Statement of responsibility, etc. James J.Ellis
260 ## - PUBLICATION, DISTRIBUTION, ETC.
Place of publication, distribution, etc. Kilmarnock:
Name of publisher, distributor, etc. John Ritchie,
Date of publication, distribution, etc. 1914.
300 ## - PHYSICAL DESCRIPTION
Extent 160 pages:
Other physical details illustrations.
650 ## - SUBJECT ADDED ENTRY--TOPICAL TERM
Topical term or geographic name entry element Missions
Geographic subdivision Africa
650 ## - SUBJECT ADDED ENTRY--TOPICAL TERM
Topical term or geographic name entry element Africa
General subdivision Church History
Chronological subdivision 20th Century
942 ## - ADDED ENTRY ELEMENTS (KOHA)
Koha item type Zambian collection
999 ## -
-- 124315
-- 124315
Holdings
Withdrawn status Lost status Source of classification or shelving scheme Damaged status Not for loan Home library Current library Shelving location Date acquired Total Checkouts Full call number Barcode Date last seen Copy number Price effective from Koha item type
    Library of Congress Classification     Main Library Main Library Special collections 04/15/2026   ZAMB BV 3625 ELL 1914 33729005388595 04/15/2026 C.1 04/15/2026 Zambian collection
© 2026 - The University of Zambia Library - Koha v25.11